00612nam a2200205 a 450000100100000000500170001000800410002702000150006804100090008308200200009210000370011224500770014925000120022626000340023830000180027249000550029065000190034565000200036465000220038400000922820200120221852.0990311s1994 ag a gr 000 0 spa d a95072439170 a-spa04a361.25bA382211 aAguilar Idañez, María José13aLa acción social a nivel municipal /cMaría José Aguilar Idañez. a1a. ed. aBuenos Aires :bLumen,c1994. a225 p. :bil.0 aColección política, servicios y trabajo social14aTrabajo social24aAcción social24aPolítica social